Ekonomické dôsledky straty biodiverzity
Príspevok poskytuje parciálny obraz o najnovších vedeckých iniciatívach pre zachovanie biodiverzity pomocou ekonomických mechanizmov. Koncept služieb a tovarov zabezpečovaných ekosystémami Zeme a ich inklúzia do trhového mechanizmu, resp. do mechanizmov fiškálneho plánovania je jednou z alternatív p...
Enregistré dans:
| Auteur principal: | |
|---|---|
| Format: | Chapitre de livre |
| Langue: | slovaque |
| Sujets: | |
| Tags: |
Pas de tags, Soyez le premier à ajouter un tag!
|
MARC
| LEADER | 00000nla a2200000 4500 | ||
|---|---|---|---|
| 001 | 0180979 | ||
| 005 | 20240502073109.8 | ||
| 041 | 0 | |a slo | |
| 044 | |a SK | ||
| 245 | 1 | 0 | |a Ekonomické dôsledky straty biodiverzity |c Mikuláš Černota |
| 520 | |a Príspevok poskytuje parciálny obraz o najnovších vedeckých iniciatívach pre zachovanie biodiverzity pomocou ekonomických mechanizmov. Koncept služieb a tovarov zabezpečovaných ekosystémami Zeme a ich inklúzia do trhového mechanizmu, resp. do mechanizmov fiškálneho plánovania je jednou z alternatív pre zabezpečenie finančných prostriedkov pre ich udržateľné obhospodarovanie. Základným postulátom ostáva minimalizácia ekonomických a spoločenských strát v dlhodobom hľadisku, keďže predikcie hovoria o strate niekoľkých percent svetového HDP do roku 2050 v dôsledku straty ekosystémových tovarov a služieb. Oceňovanie úžitkov vyplývajúcich z prítomnosti biodiverzity je inovatívny prístup umožňujúci prepojenie národných a nadnárodných systémov manažmentu zdrojov. | ||
| 610 | 2 | 0 | |a diverzita biologická |
| 610 | 2 | 0 | |a ekológia krajiny |
| 610 | 2 | 0 | |a služby |
| 100 | 1 | |a Černota, Mikuláš, 1979- | |